Maat, jotka ovat lähimpänä San Marinoa - Statistics

Yleistilastot
  • Tätä visaa on pelattu 36 kertaa
  • Keskiarvotulos 18 / 20
Vastaustilastot
km maa % Oikein
0 Italia
100%
259 Ranska
97%
186 Slovenia
97%
271 Bosnia ja Hertsegovina
94%
141 Kroatia
94%
388 Saksa
94%
221 Vatikaanivaltio
94%
291 Itävalta
91%
524 Serbia
91%
571 Slovakia
91%
310 Sveitsi
91%
526 Tšekki
91%
409 Liechtenstein
88%
421 Unkari
88%
495 Montenegro
84%
587 Albania
81%
457 Monaco
81%
622 Kosovo
78%
695 Pohjois-Makedonia
72%
653 Romania
63%
Ehtoja vastaavia visoja ei löytynyt
Tulosjakauma
Jokaisen tuloksen saaneiden osuus
Persentiili vastausten määrän mukaan
Tuloshistoriasi
Et ole pelannut tätä visaa